|
|
|
|
| LEADER |
00000nab a2200000uu 4500 |
| 001 |
vtls012241347 |
| 003 |
SK-MaSNL |
| 005 |
20260304013440.0 |
| 008 |
231010|2014 xo |||||||||||||||||slo| |
| 015 |
|
|
|a SNBRB
|
| 040 |
|
|
|a SNKBUCL
|b slo
|c SNKBUCL
|e AACR2
|
| 041 |
0 |
|
|a slo
|
| 044 |
|
|
|a xo
|c SK
|
| 100 |
1 |
|
|a Bindzár, Juraj,
|d 1943-2019
|4 aut
|9 105677
|
| 245 |
1 |
0 |
|a Ilustrované televízne dejiny SNP
|c Juraj Bindzár
|
| 246 |
3 |
3 |
|a Ilustrované televízne dejiny Slovenského národného povstania
|
| 500 |
|
|
|a Uverejnené v rubrike Rozhľadňa, v podrubrike Kinemá/Televízorovňa, ktorú pre Slovenské pohľady píše Juraj Bindzár
|
| 630 |
0 |
7 |
|a Povstalecká história (filmový seriál)
|2 SNK
|9 1294476
|
| 648 |
|
7 |
|a 1984
|2 SNK
|9 318887
|
| 650 |
0 |
7 |
|a filmové seriály
|2 SNKPH
|9 114252
|
| 650 |
0 |
7 |
|a televízne seriály
|2 SNKPH
|9 2920
|
| 650 |
0 |
7 |
|a československé filmy
|2 SNKPH
|9 708557
|
| 655 |
|
7 |
|a recenzie
|2 SNKPH
|9 21907
|
| 773 |
0 |
|
|t Slovenské pohľady
|g Roč. IV.+130, č. 11 (2014), s. 105-108
|
| 852 |
|
|
|a Slovenská národná knižnica
|
| 954 |
|
|
|a odborná, vedecká literatúra pôvodná (slovenská)
|2 lita
|
| 999 |
|
|
|c 2575861
|d 2577791
|